[Event "Chesscup Blitz 2020"]
[Site "Katowice"]
[Date "2020.09.12"]
[Round "2.1"]
[White "Grochol, Kamil"]
[Black "Socko, Bartosz"]
[Result "0-1"]
[WhiteElo "1945"]
[BlackElo "2601"]
[Annotator "TA"]
[PlyCount "38"]
[EventDate "2020.09.12"]
[EventType "swiss"]
[EventCountry "POL"]
[SourceTitle "playchess.com"]
[Source "ChessBase"]
[SourceQuality "1"]

{[%evp 9,38,0,37,12,52,31,74,54,77,74,84,2,-7,-38,-31,-125,-129,-479,-471,-561,-562,-585,-574,-653,-644,-646,-653,-650,-646,-638,-622]} 1. d4 Nf6 2. Bf4 g6 3. Nc3 d5 4. e3 Bg7 5. h4 h6 6. Nf3 {A45: Trompowsky Attack.} a6 $5 {[%mdl 4] A promising side line.} 7. Ne5 {[#]} b5 $146 ({Predecessor:} 7... b6 8. g4 Bb7 9. Bg2 Nbd7 10. Qe2 Nxe5 11. dxe5 Ne4 12. Bxe4 dxe4 13. e6 fxe6 {1-0 (29) Gelman,A (2403)-Balabayeva,K (2146) chess.com INT 2020}) 8. Bd3 {White is better.} Bb7 9. Qf3 Nbd7 {[%cal Bb8d7,Bd7c5,Bc5d3][%mdl 32]} 10. h5 (10. Nxg6 $16 fxg6 11. Bxg6+ Kf8 12. Qh3) 10... g5 $11 11. Bg3 c5 12. dxc5 (12. Nxd7 $15 Qxd7 13. dxc5) 12... Nxc5 $17 {And now ...d4 would win.} 13. b4 $2 {[%mdl 8192]} (13. Qe2 $17 {is tougher.}) 13... d4 $19 {[%mdl 64] [#] Discovered Attack. Black is clearly winning.} 14. Nc6 Nxd3+ 15. cxd3 Qd7 16. Ne5 Bxf3 17. Nxd7 Kxd7 18. gxf3 dxc3 19. Be5 {[#]} Nxh5 $1 {White got outplayed after the opening. Accuracy: White = 31%, Black = 78%.} 0-1

[Event "Chesscup Blitz 2020"]
[Site "Katowice"]
[Date "2020.09.12"]
[Round "2.2"]
[White "Miton, Kamil"]
[Black "Kot, Jerzy"]
[Result "1-0"]
[WhiteElo "2590"]
[BlackElo "1924"]
[Annotator "TA"]
[PlyCount "61"]
[EventDate "2020.09.12"]
[EventType "swiss"]
[EventCountry "POL"]
[SourceTitle "playchess.com"]
[Source "ChessBase"]
[SourceQuality "1"]

{[%evp 9,61,25,78,47,108,106,108,95,113,114,198,198,238,220,215,214,214,209,213,205,206,215,218,212,252,219,278,270,545,542,624,617,600,615,1058,937,937,750,1459,1455,1195,916,29990,29991,29991,29992,29993,29994,29994,29995,29995,29996,29996,29997]} 1. d4 Nf6 2. c4 g6 3. Nc3 Bg7 4. e4 O-O 5. f3 c5 (5... d6 $11 {keeps the balance.}) 6. d5 {E70: King's Indian: Miscellaneous lines with 4 e4, including 5 Nge2 and 5 Bd3 0-0 6 Nge2.} e5 {6...e6 is a critical line.} ({Black should try} 6... e6 $14) 7. Bg5 $16 d6 8. Qd2 {White is better.} Re8 9. Bd3 {[#]} h6 $146 (9... Na6 $16) ({Predecessor:} 9... a6 10. Bh6 Bh8 11. h4 Nh5 12. Nge2 f6 13. g4 Bg7 14. gxh5 Bxh6 15. Qxh6 g5 16. hxg5 fxg5 {1-0 (32) De Leon,D (1625)-Acevedo,R San Salvador 2019}) 10. Bxh6 $18 Nxe4 11. Nxe4 Qh4+ {[#]} 12. g3 $1 {[%cal Rg3h4]} Qxh6 13. Qxh6 Bxh6 14. Nf6+ Kf8 15. Nxe8 Kxe8 16. Ne2 Be3 17. Nc3 a6 18. h4 f5 $2 (18... Nd7 {was necessary.} 19. h5 gxh5 20. Rxh5 Ke7) 19. h5 Kf7 20. hxg6+ Kxg6 21. g4 b5 22. Ke2 Bd4 23. gxf5+ Bxf5 24. Bxf5+ Kxf5 25. Rh8 Kf6 26. Ne4+ {White mates.} Kg7 27. Rah1 Bxb2 28. R1h7+ Kg6 29. Rh6+ Kg7 30. R8h7+ Kf8 {[#]} 31. Rb7 $1 {White took control after the opening. Accuracy: White = 85%, Black = 37%.} 1-0

[Event "Chesscup Blitz 2020"]
[Site "Katowice"]
[Date "2020.09.12"]
[Round "2.3"]
[White "Golimowski, Pawel"]
[Black "Krasenkow, Michal"]
[Result "0-1"]
[WhiteElo "1789"]
[BlackElo "2605"]
[Annotator "TA"]
[PlyCount "90"]
[EventDate "2020.09.12"]
[EventType "swiss"]
[EventCountry "POL"]
[SourceTitle "playchess.com"]
[Source "ChessBase"]
[SourceQuality "1"]

{[%evp 9,90,19,61,46,38,-33,9,-3,58,-48,21,20,0,0,27,16,42,15,45,43,45,41,67,45,85,90,85,82,95,82,79,35,69,63,85,0,44,41,33,4,81,18,28,-2,0,0,19,-12,-16,-50,-44,-46,-52,-46,-63,-109,-122,-118,-119,-218,-210,-214,-212,-207,-215,-186,-186,-262,-262,-297,-282,-1111,-1093,-852,-249,-322,-157,-401,-434,-391,-387,-1114,-1107]} 1. e4 g6 2. d4 Bg7 3. Be3 c6 4. Qd2 d5 5. e5 f6 6. f4 {B06: Modern Defence.} Nh6 {[#]} 7. Bf2 $146 ({White should try} 7. Nc3 $14) ({Predecessor:} 7. Nf3 Bg4 8. Be2 O-O 9. Nc3 Nf5 10. Bf2 Nd7 11. O-O Bh6 12. Rae1 Bxf3 13. Bxf3 fxe5 14. dxe5 e6 15. Bg4 Qe7 16. Bh3 Rf7 17. g4 Nh4 18. Bg3 Raf8 19. Kh1 {1-0 (35) Kamsky,G (2735)-Shirov,A (2690) Monte Carlo 1996}) 7... O-O 8. h3 {The position is equal.} fxe5 (8... c5 $11) 9. fxe5 {[#]} (9. dxe5 $14 g5 10. g3) 9... Bf5 (9... c5 $1 $15 {[%mdl 512]} 10. dxc5 Nc6) 10. Nf3 Nf7 11. Bd3 e6 12. O-O Nd7 13. c3 c5 14. Bxf5 gxf5 15. Na3 a6 16. Nc2 b5 17. a4 bxa4 18. Rxa4 Nb6 19. Raa1 Nc4 20. Qc1 Qb6 21. Rb1 cxd4 22. cxd4 (22. Nfxd4 $16 Bxe5 23. b3) 22... Rfc8 (22... Bh6 $5 {[%cal Rh6c1]} 23. Qd1 Qb3 $11) 23. b3 Na5 24. Qd2 Rc7 {[#]} (24... Bh6 $11 25. Qd3 Nc6) 25. Na1 (25. Nce1 $1 $16) 25... Rac8 26. Rfc1 Bh6 27. Rxc7 $1 Qxc7 (27... Rxc7 {feels hotter.} 28. Qd1 Nc6 29. b4 Rb7 30. Nc2 a5) 28. Qb4 Nc6 $36 {[%mdl 2048] Black fights for an advantage.} 29. Qa4 a5 30. Nc2 Ncxe5 31. Nxe5 Nxe5 32. dxe5 {Threatens to win with Nd4.} Qxc2 33. Ra1 Qc3 34. Qxa5 (34. Rf1 $17) 34... Qxa5 $19 ({Don't take} 34... Qxe5 35. Qa6 $17) 35. Rxa5 $17 {[%mdl 4096] Endgame KRB-KRB} Rc1+ 36. Kh2 Bf4+ 37. g3 Bxe5 38. Ra6 (38. Ra7 $142) 38... Kf7 $19 39. Ra7+ Kf6 {Strongly threatening ...Rc2.} 40. b4 $2 (40. Rxh7 Bc3 41. Bb6) 40... Rc2 41. Kg1 {[#]} Rb2 $2 (41... Rxf2 $1 {[%mdl 512]} 42. Ra3 (42. Kxf2 Bd4+) 42... Rb2) 42. Rb7 d4 (42... h5 $19 43. b5 Bc3) 43. b5 $2 (43. Rxh7 $17 Rxb4 44. Rd7) 43... d3 44. Rd7 d2 45. b6 $2 (45. Kf1 Kg6 46. Be3) 45... Rb1+ {Accuracy: White = 43%, Black = 55%.} 0-1

[Event "Chesscup Blitz 2020"]
[Site "Katowice"]
[Date "2020.09.12"]
[Round "2.4"]
[White "Piorun, Kacper"]
[Black "Posluszny, Tomasz"]
[Result "1-0"]
[WhiteElo "2596"]
[BlackElo "2065"]
[Annotator "TA"]
[PlyCount "61"]
[EventDate "2020.09.12"]
[EventType "swiss"]
[EventCountry "POL"]
[SourceTitle "playchess.com"]
[Source "ChessBase"]
[SourceQuality "1"]

{[%evp 9,61,-154,-24,-40,-38,-59,21,-87,-89,-97,-66,-81,-15,-44,-42,-44,88,65,70,10,56,0,36,-2,0,-58,44,35,48,43,87,89,102,64,142,127,144,121,254,250,433,437,420,429,726,744,29987,29988,29988,29989,29989,29987,29992,708]} 1. d4 d5 2. Bg5 c5 3. e3 Nc6 4. c3 Qb6 5. dxc5 Qxc5 (5... Qxb2 $17 6. Nd2 Qxc3) 6. Nf3 {[#] D00: 1 d4 d5: Unusual lines.} e5 $146 ({Predecessor:} 6... Bg4 7. Be2 e6 8. O-O Be7 9. b4 Qb6 10. Bf4 Nf6 11. a3 O-O 12. h3 Bh5 {1-0 (66) Maiko,A (2069)-Finkelshtein,E (2230) Dnipropetrovsk 2006}) 7. Nbd2 Be6 (7... f6 $15 8. Bh4 Nge7) 8. Qa4 (8. e4 $1 $11 {keeps the balance.}) 8... f6 $17 9. Bh4 a6 10. Be2 b5 (10... g5 $17 11. Bg3 h5) 11. Qd1 Nh6 12. a4 {[#] Strongly threatening axb5.} Rd8 (12... b4 $15) 13. axb5 $16 axb5 14. Qb3 (14. Ra6 $14 Bc8 15. Nb3) 14... Rb8 15. O-O ({White should play} 15. Ne4 $1 $14 Qb6 16. Bxf6 gxf6 17. Nxf6+ {[%mdl 64] Double Attack} Kf7 18. Nxd5 {[%mdl 64] Decoy}) 15... Nf5 16. Bg3 Kf7 17. Qd1 (17. Ra6 $11) 17... h5 (17... Nxg3 $15 18. hxg3 Qb6) 18. e4 $14 {Threatens to win with b4.} Nxg3 19. hxg3 Be7 20. exd5 Bxd5 21. Bd3 Rbd8 (21... g6 $14) 22. Qe2 g5 23. Ne4 Bxe4 {Black cannot hold the game after this.} (23... Qb6 $16 {keeps fighting.}) 24. Qxe4 $18 {Qg6+ is the strong threat.} Qd5 $2 (24... Kf8 {was worth a try.} 25. Qf5 e4 26. Qxe4 f5 27. Qxf5+ Qxf5 28. Bxf5 g4) 25. Qg6+ Kf8 26. Be4 Qc5 (26... Qf7 $142 27. Qxf7+ Kxf7 28. Bxc6 Bc5) 27. Ra6 Nb8 28. Rxf6+ {White mates.} Bxf6 29. Qxf6+ {[%mdl 64] [#] Double Attack} Ke8 30. Qxh8+ Ke7 31. Qxe5+ {Accuracy: White = 65%, Black = 24%.} (31. Qg7+ $142 Ke6 32. Nxg5+ Kd6 33. Rd1+ Qd5 34. Rxd5+ Kc6 35. Rxd8+ {[%mdl 64] Discovered Attack} Kb6 36. Rxb8+ Ka6 37. Qh6+ {[%mdl 64] Double Attack} Ka7 38. Qb6#) 1-0

[Event "Chesscup Blitz 2020"]
[Site "Katowice"]
[Date "2020.09.12"]
[Round "2.5"]
[White "Kwasniewski, Pawel"]
[Black "Janik, Igor"]
[Result "0-1"]
[WhiteElo "1699"]
[BlackElo "2470"]
[Annotator "TA"]
[PlyCount "50"]
[EventDate "2020.09.12"]
[EventType "swiss"]
[EventCountry "POL"]
[SourceTitle "playchess.com"]
[Source "ChessBase"]
[SourceQuality "1"]

{[%evp 15,50,0,0,-8,0,-20,-16,-23,-18,-60,-67,-60,-50,-74,-72,-102,-63,-136,-135,-140,-134,-138,-141,-195,-186,-196,-182,-285,-285,-324,-308,-384,-400,-357,-218,-206,-207]} 1. d4 d6 2. c4 e5 3. dxe5 dxe5 4. Qxd8+ Kxd8 5. Nf3 f6 6. Nc3 Be6 7. e4 c6 8. Be2 Nd7 9. O-O {A41: 1 d4 d6: Tartakower System and Modern Defence.} Kc7 10. Rd1 b6 11. Be3 {[#] The position is equal.} Bc5 $146 ({Predecessor:} 11... a5 12. Na4 Nc5 13. Nxc5 Bxc5 14. Bd2 Bg4 15. Bc3 Nh6 16. Rd2 Rhd8 17. Rad1 Rxd2 18. Rxd2 Bxf3 19. Bxf3 {0-1 (32) Scherbak,Y (1958)-Shevchenko,K (2439) Vinnytsia 2016}) 12. Rd2 Bxe3 13. fxe3 Nh6 14. h3 Nf7 15. Kf2 Nd6 16. b3 (16. Rad1 $15 Nf7 17. Nh4) 16... Nc5 $17 17. Bd3 a5 {[%cal Ba7a5,Ba5a4][%mdl 32]} 18. Bc2 Rhd8 19. Rad1 {[#]} (19. Rdd1 $17) 19... a4 $1 $19 {[%mdl 512]} 20. b4 (20. bxa4 Bxc4) 20... Na6 21. c5 (21. a3 {was necessary.}) 21... bxc5 22. bxc5 Nxc5 23. a3 Bb3 24. Ke2 Bxc2 25. Rxc2 Ndxe4 {Black took control after the opening. Accuracy: White = 48%, Black = 75%.} 0-1

[Event "Chesscup Blitz 2020"]
[Site "Katowice"]
[Date "2020.09.12"]
[Round "2.6"]
[White "Jakubowski, Krzysztof"]
[Black "Rudecki, Bartosz"]
[Result "1-0"]
[WhiteElo "2481"]
[BlackElo "1846"]
[Annotator "TA"]
[PlyCount "135"]
[EventDate "2020.09.12"]
[EventType "swiss"]
[EventCountry "POL"]
[SourceTitle "playchess.com"]
[Source "ChessBase"]
[SourceQuality "1"]

{[%evp 9,135,24,52,49,63,26,48,41,58,42,54,50,48,49,52,37,52,21,68,75,74,79,94,83,102,83,110,94,117,110,121,114,128,103,162,104,163,154,247,243,245,235,203,131,131,80,147,114,333,213,612,590,717,439,680,335,389,310,409,352,341,325,325,265,352,205,204,204,204,189,195,191,191,64,97,68,385,390,381,377,631,409,412,355,320,317,317,317,328,311,469,406,446,424,379,285,369,338,751,717,660,572,585,570,533,470,463,444,615,603,671,664,750,750,700,701,725,717,1133,1091,5900,5730,2470,1629,29974,29974,29974,29977]} 1. d4 Nf6 2. c4 Nc6 3. Nf3 e6 4. Bf4 Bb4+ 5. Nbd2 d5 6. e3 {E10: Blumenfeld Gambit.} O-O 7. Be2 {[#]} Ne7 $146 ({Predecessor:} 7... Qe7 8. O-O b6 9. a3 Bd6 10. b4 Ng4 11. Bxd6 Qxd6 12. c5 Qe7 13. Qc2 Qf6 {0-1 (34) Essoo,U (1187)-Gomes,L Casablanca 2019}) 8. O-O {White is slightly better.} Ng6 9. Bg3 Bd6 10. Qc2 Bxg3 11. hxg3 c6 12. Rad1 Re8 13. e4 dxe4 14. Nxe4 Nxe4 15. Qxe4 Qf6 16. Bd3 Bd7 17. Rfe1 Rad8 18. c5 Bc8 19. b4 a6 20. a4 Rd5 21. Bc4 Rf5 (21... Rdd8 $16) 22. Re2 (22. Qe2 $18) 22... h6 (22... Ne7 $16 {is a better defense.}) 23. Ne5 $18 Nxe5 (23... h5 $16 {was called for.} 24. Bd3 Rg5) 24. dxe5 Qg5 25. Re3 f6 {[%cal Rf5e5]} 26. exf6 Qxf6 27. Re2 (27. Rf3 $142 {And now Rxf5 would win.} g6 28. Rxf5 gxf5 29. Qe1) 27... Kh8 ({Black should play} 27... a5) 28. Ba2 e5 $2 (28... g6 $16 {was worth a try.}) 29. Bb1 Kg8 $2 (29... g6 30. Rd6 Qg7) 30. Rd6 Qg5 31. Qc4+ Kf8 (31... Kh8 $142 32. Bxf5 Qxf5) 32. Bxf5 (32. Ba2 $142 {Threatening mate with Qg8+.} Be6 33. Rxe6 Rxe6 34. f4 (34. Qxe6 $2 {loses.} Qc1+ 35. Kh2 Rh5+ 36. Qh3 Rxh3+ 37. gxh3 Qd1 $19)) 32... Qxf5 33. Rd3 e4 34. Rd4 Be6 35. Qc3 Bd5 36. Qe3 Re5 {[#]} 37. Qf4 (37. f3 $142 $1) 37... Qxf4 38. gxf4 {[%mdl 4096] Endgame KRR-KRB} Rf5 39. g3 g5 40. fxg5 hxg5 41. b5 (41. Kf1 $18) 41... axb5 42. axb5 Rf3 $2 {[%mdl 8192]} (42... cxb5 $14 43. g4 Re5) 43. Re3 $1 {[%cal Re3f3]} Rf5 44. b6 g4 $2 (44... Kf7 45. Ra3 Ke6) 45. Ra4 Kg7 46. Ra7 Rf7 47. Rea3 Kf6 48. Ra8 Ke5 {If only Black now had time for ...Kd4....} 49. R3a4 Rh7 (49... Bb3 {keeps fighting.}) 50. Re8+ Kf5 51. Rf8+ Ke5 52. Kf1 Rh1+ 53. Ke2 Rh7 $2 (53... Bb3) 54. Re8+ Kf5 55. Ra7 Bc4+ 56. Ke3 Rd7 {Strongly threatening ...Rd3+.} 57. Rf8+ Ke5 {[#] White must now prevent ...Rd3+.} 58. Ra3 $1 Rd1 59. Re8+ Kf5 60. Re7 Ba6 {[#]} 61. Rxa6 $1 {[%mdl 512]} bxa6 {[#] KR-KR} 62. Rc7 $1 a5 63. Rxc6 {aiming for b7.} Rb1 64. Rc8 a4 65. Ra8 Rb3+ 66. Ke2 a3 67. c6 Rxb6 68. c7 {Accuracy: White = 54%, Black = 45%.} 1-0

[Event "Chesscup Blitz 2020"]
[Site "Katowice"]
[Date "2020.09.12"]
[Round "2.7"]
[White "Herwy, Jakub"]
[Black "Golubka, Petro"]
[Result "0-1"]
[WhiteElo "1754"]
[BlackElo "2488"]
[Annotator "TA"]
[PlyCount "140"]
[EventDate "2020.09.12"]
[EventType "swiss"]
[EventCountry "POL"]
[SourceTitle "playchess.com"]
[Source "ChessBase"]
[SourceQuality "1"]

{[%evp 10,139,0,0,22,19,16,9,13,6,14,6,13,0,0,0,0,0,0,-28,31,-38,0,-1,12,-67,-71,-57,-78,-82,-23,-83,-76,-155,92,95,85,0,0,-237,-205,-324,0,3,3,3,4,0,0,-81,-72,-63,-71,-60,-70,-131,-140,-341,-101,-184,-178,-225,-225,-217,-212,-200,-204,-302,-287,-379,-287,-462,-462,-458,-460,-449,-309,-420,-329,-424,-349,-355,-235,-226,-144,-150,-143,-135,0,0,-2,-2489,-2433,-928,-742,-734,-726,-712,-123,-12844,-12764,-12845,-12845,-12845,-12846,-12848,-12848,-12851,-27999,-12851,-27999,-27999,-27999,-27997,-27997,-27999,-27997,-27999,-27999,-27998,-27998,-27999,-27998,-27999,-27998,-27999,-27999,-27999,-27998,-27999,-27999,-27999]} 1. e4 c5 2. d3 Nc6 3. Be2 g6 4. f4 Bg7 5. Nf3 d6 6. O-O f5 {B21: Sicilian: 2 f4 and Morra Gambit.} 7. c3 Nh6 8. Na3 O-O {[#] The position is equal.} 9. Be3 $146 ({Predecessor:} 9. Nc2 Nf7 10. exf5 gxf5 11. d4 cxd4 12. Ncxd4 e5 13. Nxc6 bxc6 14. Be3 e4 15. Nd4 {0-1 (68) Seul,G (2372)-Drygalov,A (2495) chess.com INT 2020}) 9... Ng4 10. Bd2 e5 11. h3 Nf6 12. fxe5 dxe5 13. exf5 gxf5 14. Be3 b6 (14... Qe7 $11) 15. Nc4 (15. d4 $14) 15... Nd5 16. Bg5 $36 {[%mdl 2048] Black is under pressure.} Qe8 17. Qb3 (17. Qd2 $11) 17... Be6 $1 $15 18. Rae1 h6 19. Bc1 Qe7 (19... Qd7 $17) 20. Qb5 (20. Bd1 $11 {remains equal.}) 20... Qc7 $17 21. Bd1 (21. Ne3 $142) 21... Rfe8 $2 (21... a6 $1 $17 {[%cal Ra6b5]} 22. Qb3 b5) 22. Ba4 $16 Nde7 23. d4 (23. Bf4 $1 $16) 23... cxd4 $11 {[#] Strongly threatening ...e4.} 24. cxd4 $2 (24. Bf4 $1 $11 {[%mdl 512] and White stays safe.} Ng6 (24... exf4 25. Rxe6) 25. Bh2) 24... e4 $1 $19 {[%cal Re4f3]} ({And not} 24... Nxd4 25. Nxd4 Bxc4 26. Bb3 $14) 25. Nce5 (25. d5 $142 Bxd5 26. Ne3) 25... Bd5 $2 ({Less strong is} 25... exf3 26. Nxc6 Qg3 27. Rf2 $17) (25... a6 $19 26. Qe2 b5) 26. Nxc6 $1 $11 Qxc6 27. Qxc6 Bxc6 ({Of course not} 27... Nxc6 28. Nh4 $16) 28. Bb3+ Bd5 29. Ne5 (29. Bxd5+ $1 $11 {keeps the balance.} Nxd5 30. Ne5) 29... Bxb3 $17 30. axb3 Rad8 31. Be3 Kh7 32. Rc1 (32. g4 $15) 32... Nd5 33. Bf4 $2 (33. Bf2 $17) 33... Rc8 $2 (33... Nxf4 $19 {has better winning chances.} 34. Rxf4 Rxd4) 34. Rxc8 (34. g3 $17) 34... Rxc8 $19 35. g3 {[#]} Rc2 $1 36. Rf2 {[#]} Rxf2 $1 37. Kxf2 Bxe5 38. Bxe5 {[%mdl 4096] Endgame KB-KN} (38. dxe5 {was necessary.} Kg7 39. Bd2) 38... h5 39. Ke2 Kg6 40. h4 $2 (40. Kd2 a6 41. Bd6) 40... Kf7 41. Kd2 a5 42. Ke2 Ke8 43. Kd2 Kd7 44. Ke2 Kc6 45. Kd2 Kb5 46. Kc2 a4 47. bxa4+ Kxa4 48. b3+ Ka3 ({Black should try} 48... Kb5 $17 49. Kd2 Kc6) 49. Bd6+ $1 $11 Ka2 50. b4 $2 {[%mdl 8192] Black keeps a firm grip on the game.} (50. Be5 $11) 50... b5 51. Bc5 e3 52. Bd6 Ka3 53. Kd3 Kb3 $2 (53... Kb2 $19 {Threatens to win with ...Kc1.} 54. Bf8 Kc1) 54. Bf4 $2 {[%mdl 8192]} (54. Bf8 $17) 54... Kxb4 55. Bxe3 Nxe3 56. Kxe3 $19 {K3P-K3P} Kc4 57. Kf4 Kxd4 58. Kxf5 {KPP-KPP} b4 {( -> ...b3)} 59. Kg5 b3 60. Kxh5 {KPP-KP. Black mates.} b2 61. Kg6 b1=Q+ 62. Kf6 Qb6+ 63. Kg7 Qc7+ 64. Kh6 Qxg3 65. h5 Ke5 66. Kh7 Kf6 67. h6 Kf7 68. Kh8 Qe5+ 69. Kh7 Qg5 70. Kh8 Qxh6# {Accuracy: White = 44%, Black = 65%.} 0-1

[Event "Chesscup Blitz 2020"]
[Site "Katowice"]
[Date "2020.09.12"]
[Round "2.8"]
[White "Klekowski, Maciej"]
[Black "Tchorzewski, Kazimierz"]
[Result "1-0"]
[WhiteElo "2511"]
[BlackElo "1641"]
[Annotator "TA"]
[PlyCount "51"]
[EventDate "2020.09.12"]
[EventType "swiss"]
[EventCountry "POL"]
[SourceTitle "playchess.com"]
[Source "ChessBase"]
[SourceQuality "1"]

{[%evp 10,51,26,20,29,21,27,-21,33,32,108,66,114,77,81,83,89,86,81,10,70,78,111,117,108,75,133,105,108,113,109,138,170,152,157,151,166,145,208,224,230,202,256,257]} 1. c4 Nf6 2. Nc3 e6 3. d4 d5 4. Nf3 c6 5. e3 Be7 6. Qc2 h6 {D45: Semi-Slav: 5 e3.} 7. Bd3 O-O 8. e4 dxc4 (8... dxe4 $11 9. Bxe4 (9. Nxe4 Nxe4 10. Bxe4 c5 $11) 9... Nxe4 10. Qxe4 Nd7) 9. Bxc4 $14 {[#]} Re8 $146 (9... b5 $14 10. Bd3 b4) ({Predecessor:} 9... Nbd7 10. Bf4 Nb6 11. Bd3 Bd7 12. Qd2 Nh7 13. g4 g5 14. Be3 f5 15. gxf5 exf5 16. exf5 Bxf5 17. Ne5 Bxd3 18. Qxd3 Bf6 19. Qg6+ Bg7 20. Qe6+ Kh8 21. Ng6# {1-0 (21) Ramakrishna,G (1592)-Doel,H (1717) Erindale 1998}) 10. O-O Nbd7 11. Rd1 Nf8 12. Ne5 Qc7 13. Bf4 Bd6 14. h3 (14. Bg3 $16) 14... N6d7 (14... Nh5 $11 15. Be3 Bxe5 16. dxe5 Qxe5) 15. Nxd7 Bxd7 16. e5 $36 {[%mdl 2048] Black is under strong pressure.} Be7 17. Bd3 Rac8 ({Black should play} 17... f5) 18. Qe2 c5 19. d5 c4 20. Be4 {[#] Threatens to win with d6.} Qb6 21. d6 Bg5 22. Bg3 Bc6 23. Bc2 Qc5 (23... f5 $16) 24. Ne4 $18 Bxe4 25. Qxe4 Red8 26. h4 {Accuracy: White = 54%, Black = 49%.} ({Not} 26. Qxb7 Rb8 $16) 1-0

[Event "Chesscup Blitz 2020"]
[Site "Katowice"]
[Date "2020.09.12"]
[Round "2.9"]
[White "Blasiak, Miroslaw"]
[Black "Nasuta, Grzegorz"]
[Result "0-1"]
[WhiteElo "1599"]
[BlackElo "2553"]
[Annotator "TA"]
[PlyCount "78"]
[EventDate "2020.09.12"]
[EventType "swiss"]
[EventCountry "POL"]
[SourceTitle "playchess.com"]
[Source "ChessBase"]
[SourceQuality "1"]

{[%evp 11,77,15,9,0,0,-9,0,-62,-54,-52,-38,-57,-29,-49,-19,-233,-231,-272,-248,-328,-237,-273,-273,-273,-250,-283,-290,-291,-247,-262,-210,-286,-220,-208,-190,-200,-211,-212,-202,-187,-183,-244,-239,-224,-172,-203,-200,-200,-199,-264,-228,-223,-225,-263,-264,-258,-158,-253,-254,-257,-221,-299,-300,-303,-290,-1122,-1089,-29999]} 1. e4 c5 2. Nf3 d6 3. d4 cxd4 4. Nxd4 Nf6 5. Nc3 e6 6. Bc4 Be7 7. Qf3 {B86: Sicilian Scheveningen/Najdorf: 6 Bc4, without early ...b5.} O-O 8. Be3 Nbd7 9. O-O-O ({Better is} 9. Be2 $11) 9... Ne5 $15 10. Qe2 Nxc4 11. Qxc4 Bd7 12. f4 {[#]} Rc8 $146 ({Predecessor:} 12... a6 13. Qe2 b5 14. e5 Ne8 15. Qh5 b4 16. Nce2 Qa5 17. Kb1 Nc7 18. Nb3 Qb5 19. exd6 Qxh5 20. dxe7 {0-1 (42) Gerekova,E-Lipus,D (1577) Karvina 2013}) 13. Qe2 $2 {[#]} (13. Qd3 $1 $11 {and White has nothing to worry.}) 13... Rxc3 $1 $19 {[%mdl 576] Remove Defender} 14. bxc3 Nxe4 {Threatens to win with ...Qa5!} 15. Qd3 d5 16. Kb1 Qa5 17. Bd2 Nf2 18. Qe3 Nxh1 19. Rxh1 Bc5 20. g4 Bb5 {Hoping for ...Bc4.} 21. Qe1 {intending c4!} Bxd4 22. cxd4 Qa4 {aiming for ...Bc4.} 23. Bb4 Rc8 24. Qd2 Bc4 25. c3 a5 $40 {[%mdl 128] Black wants a kill.} 26. Bc5 {[#]} (26. Be7 $142) 26... b6 $1 {[%mdl 512]} 27. Bd6 (27. Bxb6 Rb8) 27... Qb5+ 28. Qb2 Bd3+ 29. Ka1 Qc6 30. Be7 (30. Ba3 {might work better.}) 30... Qxc3 31. Qxc3 Rxc3 {[%mdl 4096] Endgame KRB-KRB} 32. Kb2 Rc2+ 33. Kb3 Rc6 34. Bh4 (34. Kb2 $17) 34... f6 35. Re1 Kf7 36. Bf2 Rc2 37. Bg3 Rg2 {Strongly threatening ...Bc4+.} 38. Re3 $2 (38. Kc3 Be4 39. Kb3) 38... Bc4+ 39. Ka3 Rxa2# {White did not feel at home in the position after the opening. Accuracy: White = 39%, Black = 68%.} 0-1